Tendencias pedagógicas en la realidad educativa actual./ (Registro nro. 9456)

Detalles MARC
000 -LEADER
fixed length control field 01022nam a2200181Ia 4500
005 - FECHA Y HORA DE LA ÚLTIMA TRANSACCIÓN
control field 20250317190838.0
008 - FIXED-LENGTH DATA ELEMENTS--GENERAL INFORMATION
fixed length control field 230921s9999 xx 000 0 und d
040 ## - CATALOGING SOURCE
Original cataloging agency UPAN
Transcribing agency Biblioteca San Vicente
Description conventions RCAA2
041 ## - LANGUAGE CODE
Language code of text/sound track or separate title spa
082 ## - DEWEY DECIMAL CLASSIFICATION NUMBER
Classification number 371.102 23
Item number C399t
año de publicación 2000
110 ## - MAIN ENTRY--CORPORATE NAME
Corporate name or jurisdiction name as entry element CEPES
245 #0 - TITLE STATEMENT
Title Tendencias pedagógicas en la realidad educativa actual./
Remainder of title CEPES
260 ## - PUBLICATION, DISTRIBUTION, ETC. (IMPRINT)
Place of publication, distribution, etc Bolivia:
Name of publisher, distributor, etc Universidad "Juan Misael Saracho",
Date of publication, distribution, etc 2000
300 ## - PHYSICAL DESCRIPTION
Extent 86 p.;
Dimensions 28 cm.
505 ## - FORMATTED CONTENTS NOTE
Formatted contents note 1. La pedagogía tradicional<br/>2. La escuela nueva<br/>3. La tecnología educativa<br/>4. Pedagogía autogestionaria<br/>5. Pedagogía no directiva: La enseñanza centrada en el estudiante<br/>6. La pedagogía liberadora<br/>7. La perspectiva cognoscitiva<br/>8. Jean Piaget y la pedagogía operatoria<br/>9. Constructivismo<br/>10. La investigación- Acción como tendencia pedagógica <br/>11. Teoría critica de la enseñanza<br/>12. El enfoque historico-cultural: Su contribución a una concepción pedagógica contemporánea
650 ## - SUBJECT ADDED ENTRY--TOPICAL TERM
Source of heading or term LEMB
General subdivision Didáctica
942 ## - ADDED ENTRY ELEMENTS (KOHA)
Koha item type Libros
Source of classification or shelving scheme Dewey Decimal Classification
Existencias
Withdrawn status Lost status Source of classification or shelving scheme Damaged status Not for loan Collection code Home library Current library Date acquired Total Checkouts Full call number Barcode Date last seen Copy number Price effective from Koha item type
    Dewey Decimal Classification     Colección General Biblioteca UPAN San Vicente Biblioteca UPAN San Vicente 21/09/2023   371.102 23 C399t 12004324 21/09/2023 02 21/09/2023 Libros
    Dewey Decimal Classification     Colección General Biblioteca UPAN San Vicente Biblioteca UPAN San Vicente 21/09/2023   371.102 23 C399t 12004323 22/09/2023 01 21/09/2023 Libros
    Dewey Decimal Classification     Colección General Biblioteca UPAN San Vicente Biblioteca UPAN San Vicente 21/09/2023   371.102 23 C399t 12004325 22/09/2023 03 21/09/2023 Libros